000 00659nam a22001937a 4500
999 _c164510
_d164510
005 20190522121909.0
010 _aUR-10129
020 _c250.00
_a9789387829534
035 _aU-8684
037 _bDBAD/PUB
082 _a841
100 _aنا ظر صد يقی
245 _aعر و ج ا حسا س
_cنا ظر صد يقی
246 _b‏Urooj-e-Ehsas(Hamd,Nath,&Manqabat)(Urdu)
_abyNazir Siddiqui
260 _a Delhi
_bEducational Publishing House
_c2018 ء
270 _a3191،Vakil Street,Kucha Pandit,Lal Kuan,
_bDelhi
_e110006
_k23216162
_l00911123211540
300 _a192ص
_c22 Cm.(bk)
942 _2ddc
_cUR
_h841
_mص د ی